<?xml version="1.0" encoding="UTF-8"?>
<record
    xmlns:xsi="http://www.w3.org/2001/XMLSchema-instance"
    xsi:schemaLocation="http://www.loc.gov/MARC21/slim http://www.loc.gov/standards/marcxml/schema/MARC21slim.xsd"
    xmlns="http://www.loc.gov/MARC21/slim">

  <leader>     nam a22     7a 4500</leader>
  <datafield tag="999" ind1=" " ind2=" ">
    <subfield code="c">8994</subfield>
    <subfield code="d">8994</subfield>
  </datafield>
  <controlfield tag="005">20200602025046.0</controlfield>
  <controlfield tag="008">200602b        xxu||||| |||| 00| 0 eng d</controlfield>
  <datafield tag="020" ind1=" " ind2=" ">
    <subfield code="a">9781786484406</subfield>
    <subfield code="b">paperback</subfield>
  </datafield>
  <datafield tag="040" ind1=" " ind2=" ">
    <subfield code="b">eng</subfield>
    <subfield code="c">APEC Schools Library</subfield>
    <subfield code="e">rda</subfield>
  </datafield>
  <datafield tag="082" ind1=" " ind2=" ">
    <subfield code="a">C 823.92</subfield>
    <subfield code="b">W325g 2013</subfield>
  </datafield>
  <datafield tag="100" ind1=" " ind2=" ">
    <subfield code="a">Waterfield, Robin</subfield>
  </datafield>
  <datafield tag="245" ind1=" " ind2=" ">
    <subfield code="a">The Greek myths :stories of the Greek gods and heroes vividly retold / </subfield>
    <subfield code="c">Robin Waterfield</subfield>
  </datafield>
  <datafield tag="264" ind1=" " ind2=" ">
    <subfield code="a">London, England : </subfield>
    <subfield code="b">Quercus, </subfield>
    <subfield code="c">&#xA9;2013.</subfield>
  </datafield>
  <datafield tag="300" ind1=" " ind2=" ">
    <subfield code="a">316 pages :</subfield>
    <subfield code="b">colored illustrations ;</subfield>
  </datafield>
  <datafield tag="336" ind1=" " ind2=" ">
    <subfield code="2">rdacontent</subfield>
    <subfield code="a">text</subfield>
  </datafield>
  <datafield tag="337" ind1=" " ind2=" ">
    <subfield code="2">rdamedia</subfield>
    <subfield code="a">unmediated</subfield>
  </datafield>
  <datafield tag="338" ind1=" " ind2=" ">
    <subfield code="2">rdacarrier</subfield>
    <subfield code="a">volume</subfield>
  </datafield>
  <datafield tag="650" ind1=" " ind2=" ">
    <subfield code="a">Gods, Greek.</subfield>
  </datafield>
  <datafield tag="650" ind1=" " ind2=" ">
    <subfield code="a">Heroes</subfield>
    <subfield code="v">Mythology.</subfield>
  </datafield>
  <datafield tag="651" ind1=" " ind2=" ">
    <subfield code="a">Greece.</subfield>
  </datafield>
  <datafield tag="942" ind1=" " ind2=" ">
    <subfield code="2">ddc</subfield>
    <subfield code="c">NFIC</subfield>
  </datafield>
  <datafield tag="952" ind1=" " ind2=" ">
    <subfield code="7">0</subfield>
    <subfield code="a">B03</subfield>
    <subfield code="b">B03</subfield>
    <subfield code="c">GEN</subfield>
    <subfield code="e">INSTI_FUND</subfield>
    <subfield code="o">C 823.92 W325g 2013</subfield>
    <subfield code="p">B03-0000450</subfield>
    <subfield code="r">2020-06-02</subfield>
    <subfield code="w">2020-06-02</subfield>
    <subfield code="y">NFIC</subfield>
  </datafield>
  <datafield tag="952" ind1=" " ind2=" ">
    <subfield code="7">0</subfield>
    <subfield code="a">B04</subfield>
    <subfield code="b">B04</subfield>
    <subfield code="c">GEN</subfield>
    <subfield code="e">INSTI_FUND</subfield>
    <subfield code="o">C 823.92 W325g 2013</subfield>
    <subfield code="p">B04-0000487</subfield>
    <subfield code="r">2020-06-03</subfield>
    <subfield code="w">2020-06-03</subfield>
    <subfield code="y">NFIC</subfield>
  </datafield>
  <datafield tag="952" ind1=" " ind2=" ">
    <subfield code="7">0</subfield>
    <subfield code="a">A08</subfield>
    <subfield code="b">A08</subfield>
    <subfield code="c">GEN</subfield>
    <subfield code="e">INSTI_FUND</subfield>
    <subfield code="o">C 823.92 W325g 2013</subfield>
    <subfield code="p">A08-0000342</subfield>
    <subfield code="r">2020-07-14</subfield>
    <subfield code="w">2020-07-14</subfield>
    <subfield code="y">NFIC</subfield>
  </datafield>
  <datafield tag="952" ind1=" " ind2=" ">
    <subfield code="7">0</subfield>
    <subfield code="a">B10</subfield>
    <subfield code="b">B10</subfield>
    <subfield code="c">GEN</subfield>
    <subfield code="e">INSTI_FUND</subfield>
    <subfield code="o">C 823.92 W325g 2013</subfield>
    <subfield code="p">B10-0000419</subfield>
    <subfield code="r">2020-07-15</subfield>
    <subfield code="w">2020-07-15</subfield>
    <subfield code="y">NFIC</subfield>
  </datafield>
</record>
